书目信息 |
| 题名: |
西方经济思想库
|
|
| 作者: | 栾博 主编 | |
| 分册: | 第一卷 微观·宏观篇 | |
| 出版信息: | 北京 经济科学出版社 1997 |
|
| 页数: | 14,14,676页 | |
| 开本: | 20cm | |
| 丛书名: | ||
| 单 册: | ||
| 中图分类: | F091.3 | |
| 科图分类: | ||
| 主题词: | 现代资产阶级经济学 , 微观经济学 , 宏观经济学 | |
| 电子资源: | ||
| ISBN: | 7-5058-0971-7 | |
| 000 | 00840nam0 2200277 450 | |
| 001 | 0100589230 | |
| 005 | 20100707104340.0 | |
| 010 | @a7-5058-0971-7@bCNY30@dCNY45.00 | |
| 010 | @a7-5058-0977-6@b精装@dCNY45 | |
| 011 | @a7-5058-0971-7 | |
| 100 | @a20021005d1997 emky0chiy0110 ea | |
| 101 | 0 | @achi@aeng |
| 102 | @aCN@b110000 | |
| 105 | @ay z 000yy | |
| 106 | @ar | |
| 200 | 1 | @a西方经济思想库@9Xi Fang Jing Ji Si;Sai Xiang Ku @i微观·宏观篇@f栾博主编@h第一卷@b专著 |
| 210 | @a北京@c经济科学出版社@d1997 | |
| 215 | @a14,14,676页@d20cm | |
| 510 | 1 | @aThe treasure house of the economic ideas of the west@zeng |
| 606 | 0 | @a现代资产阶级经济学 |
| 606 | 0 | @a微观经济学 |
| 606 | 0 | @a宏观经济学 |
| 690 | @aF091.3@v3 | |
| 701 | 0 | @a栾博@9luan bo@4主编 |
| 801 | 0 | @aCN@bAiZhiMarc@c19970909 |
| 905 | @aBZT@dF09@e14:1@f2@sF09/14:1 | |
| 西方经济思想库.微观·宏观篇/栾博主编.第一卷.-北京:经济科学出版社,1997 |
| 14,14,676页;20cm |
| ISBN 7-5058-0971-7(CNY30):CNY45.00 |
| ● |
| 相关链接 |
|
|
|
正题名:西方经济思想库
索取号:F09/14:1
 
预约/预借
| 序号 | 登录号 | 条形码 | 馆藏地/架位号 | 状态 | 备注 |
| 1 | 2000101655 | 2000101655 | 旧书回溯/ [索取号:F09/14:1] | 在馆 | |
| 2 | 2000101656 | 2000101656 | 旧书回溯/ [索取号:F09/14:1] | 在馆 |